| 000 | 01389nam a22001937a 4500 | ||
|---|---|---|---|
| 003 | OSt | ||
| 005 | 20251017182158.0 | ||
| 008 | 251017b |||||||| |||| 00| 0 eng d | ||
| 020 | _c9588089158 | ||
| 100 | _aMiguel de Cervantes Saavedra | ||
| 245 | _aDon Quijote de la mancha Tomo II | ||
| 260 |
_aColombia _bCasa editorial El Tiempo _c2001 |
||
| 300 |
_a451 _c800x800 |
||
| 520 | _aDon Quijote y Sancho vuelven a salir en busca de nuevas aventuras, pero ahora se enfrentan a personas que ya conocen su historia por la publicación del primer libro. Esto hace que muchos personajes se burlen de ellos deliberadamente, inventando engaños para divertirse a su costa. Sancho llega a ser nombrado “gobernador de la Ínsula Barataria”, pero pronto descubre que todo era una farsa. Finalmente, Don Quijote es derrotado en duelo por el Caballero de la Blanca Luna (en realidad su amigo Sansón Carrasco disfrazado) y debe abandonar su vida de caballero andante. Regresa a su aldea, recupera la cordura y muere como Alonso Quijano el Bueno, dejando atrás su sueño caballeresco. | ||
| 650 | _2Que trata de la condicion y ejercicio del famoso Hidalgo don Quijote de la mancha | ||
| 650 | _2Que trata de la primera salida que de su tierra hizo el ingenioso don Quijote | ||
| 650 | _2Donde se cuenta la graciosa manera que tuvo don Quijote en armarse caballero | ||
| 942 |
_2ddc _cBK _n0 |
||
| 999 |
_c2009 _d2009 |
||